La science contre ses maitres

Tallennettuna:
Bibliografiset tiedot
Päätekijä: Maestre, Claude-Jerôme
Aineistotyyppi: Kirja
Kieli:Undetermined
Julkaistu: Paris Bernard Grasset 1973
Aiheet:
Tagit: Lisää tagi
Ei tageja, Lisää ensimmäinen tagi!
Thư viện lưu trữ: Trung tâm Học liệu Trường Đại học Cần Thơ
LEADER 00513nam a2200193Ia 4500
001 CTU_84138
008 210402s9999 xx 000 0 und d
082 |a 301 
082 |b M186 
100 |a Maestre, Claude-Jerôme 
245 0 |a La science contre ses maitres 
245 0 |c Claude-Jerôme Maestre 
260 |a Paris 
260 |b Bernard Grasset 
260 |c 1973 
650 |a Science 
650 |x Social aspects 
904 |i QHieu(sửa) 
980 |a Trung tâm Học liệu Trường Đại học Cần Thơ